| 000 | 00731cab a2200253 4500 | ||
|---|---|---|---|
| 001 | WB2421-26 | ||
| 008 | 090401t1988 xxu||||| |||| 00| 0 eng d | ||
| 035 | _a(Sirsi) u25442 | ||
| 041 | _aeng | ||
| 245 | _aConsortium targets sites for urban regeneration | ||
| 260 | _c1988 | ||
| 350 | _a0 | ||
| 490 |
_aBuilding _vvol 253 no 7549, 27 May 1988 p10 |
||
| 520 | _aNames 6 sites earmarked for regeneration by British Urban Development , the consortium of the country`s 11 leading contractors. | ||
| 650 | _aBOOTLE | ||
| 650 | _aGLASGOW | ||
| 650 | _aPRESCOT | ||
| 650 | _aST HELENS | ||
| 650 | _aTEESSIDE | ||
| 650 | _aURBAN REGENERATION | ||
| 690 | _aPLANNING LAW AND PRACTICE | ||
| 942 | _n0 | ||
| 948 | _c04/03/1997 | ||
| 999 |
_c17086 _d17086 |
||